Normal view
MARC view
- Shome, P. Ed
Entry Personal Name
001 - CONTROL NUMBER
- control field: 68467
003 - CONTROL NUMBER IDENTIFIER
- control field: OSt
005 - DATE AND TIME OF LATEST TRANSACTION
- control field: 20220806111514.0
008 - FIXED-LENGTH DATA ELEMENTS
- fixed length control field: 220806|| aca||aabn | a|a d
040 ## - CATALOGING SOURCE
- Original cataloging agency: OSt
- Transcribing agency: OSt
100 ## - HEADING--PERSONAL NAME
- Personal name: Shome, P. Ed
670 ## - SOURCE DATA FOUND
- Source citation: Work cat.: (OSt)38465: Shome, P. Ed., G20 Macroeconomic Agenda: India And The Emerging Economics, 2014